000 00584 a2200169 4500
003 OSt
005 20250214091814.0
008 220502b2019 mx ad||f |||| 001 0 spa d
020 _a9786071205544
040 _cCHAP
245 0 0 _aProducción y comercialización del limón persa del Estado de Veracruz, México /
_cpor Ignacio Caamal Cauich ...[y otros]
264 1 _aChapingo, México :
_bUACh.CISECA-DGIP;
_c2019.
300 _a199 páginas
_bilustraciones, gráficas.
504 _aIncluye índice y bibliografía
700 1 _aCaamal Cauich, Ignacio
_916527
942 _2ddc
_cLIBRO
999 _c209244
_d209244